| 000 | 00696nam a22002297a 4500 | ||
|---|---|---|---|
| 003 | 0 | ||
| 005 | 20241028082034.0 | ||
| 008 | 241028b xxu||||| |||| 00| 0 eng d | ||
| 020 | _a9781647285784 | ||
| 050 |
_aQA 76 _b.C53 2024 |
||
| 100 |
_aClark, Zoey, _eauthor. |
||
| 245 |
_aTextbook of computer and information science / _cZoey Clark. |
||
| 260 |
_aForest Hills, NY : _bWillford Press, _c2024. |
||
| 300 |
_avi, 245 p. : _bcol. ill. ; _c27 cm. |
||
| 490 | _aKnowledge series. | ||
| 504 | _aIncludes bibliographical references and index. | ||
| 650 | _aComputer science. | ||
| 650 | _aInformation science. | ||
| 650 | _aInformation literacy. | ||
| 650 | _aComputers. | ||
| 942 |
_2lcc _cBK |
||
| 999 |
_c366634 _d366634 |
||